Tour de France 2024 - Nationalités des principaux coureurs - Statistiques

Statistiques générales
  • Ce quiz a été pris 216 fois
  • Le résultat moyen est 13 sur 15
Statistiques - réponses
temps cycliste pays % Correct
83:38:56 Tadej Pogačar Slovénie
98%
83:45:13 Jonas Vingegaard Danemark
97%
83:48:14 Remco Evenepoel Belgique
94%
83:57:59 João Almeida Portugal
94%
208 Bryan Coquard France
88%
84:03:03 Adam Yates Angleterre
87%
180 Anthony Turgis France
85%
83:59:02 Mikel Landa Espagne
84%
84:04:00 Carlos Rodríguez Espagne
83%
127 Richard Carapaz Équateur
82%
387 Biniam Girmay Érythrée
80%
354 Jasper Philipsen Belgique
77%
84:07:59 Santiago Buitrago Colombie
75%
84:05:30 Matteo Jorgenson États-Unis
73%
84:06:17 Derek Gee Canada
65%
Aucun quiz correspondant
Distribution des résultats
% des personnes avec chaque résultat
Percentile par nombre de réponses
Votre historique - résultats
Vous n’avez pas pris ce quiz